[Event "45th Olympiad 2024"]
[Site "Budapest HUN"]
[Date "2024.09.22"]
[Round "11.73"]
[Board "2"]
[White "Pride, Avian"]
[Black "Carpenter, Paul A"]
[Result "1-0"]
[WhiteElo "1743"]
[BlackElo "1985"]
[PlyCount "173"]
[EventDate "2024.09.11"]
[WhiteTeam "Bahamas"]
[BlackTeam "Jersey"]
[WhiteTeamCountry "BAH"]

1. d4 d6 2. c4 Nf6 3. Nc3 Nbd7 4. e4 e5 5. d5 Be7 6. Be2 ({RR} 6. h3 O-O 7. Be3 Nc5 8. Qc2 Nh5 9. Qd2 g6 10. Be2 Nf4 11. Bxc5 dxc5 12. Bf3 f5 13. g3 Nh5 14. exf5 Bxf5 15. d6 Bg5 16. Qd5+ Kh8 17. Qxb7 Qxd6 18. Rd1 Qe7 19. Nd5 Qg7 20. h4 Rab8 {0-1 Igambergenov,A (2328)-Demchenko,A (2619) Samara Polugaevsky Memorial 4th 2014 (9)}) 6... h6 ({RR} 6... O-O 7. h3 Nc5 8. Qc2 a5 9. b3 c6 10. Nf3 h6 11. O-O Bd7 12. Be3 b6 13. Rfd1 cxd5 14. cxd5 Rc8 15. Nd2 b5 16. Qb2 b4 17. Na4 Nfxe4 18. Nxe4 Nxe4 19. Bb6 Qe8 20. Bxa5 Bxa4 21. bxa4 {0-1 Weldegebriel Beraki,K (1808)-Torres,Y (2061) Titled Tue 20th Feb Late 2024 (4)}) 7. Nf3 Nf8 $146 ({RR} 7... Nh7 8. Be3 Ng5 9. Nd2 Nh7 10. Qc2 Bg5 11. Bxg5 hxg5 12. g3 Nhf6 13. O-O-O Nf8 14. c5 dxc5 15. Nc4 Ng6 16. d6 O-O 17. h4 gxh4 18. gxh4 cxd6 19. Nxd6 Qe7 20. h5 Nf4 21. Nxc8 Raxc8 22. Bc4 {0-1 Bartha,S (2205)-Kiss,A (2380) Schneider Memorial op 1995 (5)}) 8. Qc2 Bg4 9. Bd2 Bh5 10. h3 g5 11. O-O-O Bg6 12. Be3 b6 13. Nd2 N8d7 14. g3 Rc8 15. f4 gxf4 16. gxf4 exf4 17. Bxf4 Nh5 18. Bh2 Ng7 19. Rdf1 O-O 20. Rhg1 Re8 21. Bg4 Bg5 22. Bf4 Rb8 23. Bxg5 hxg5 24. Bxd7 Qxd7 25. Nf3 Qxh3 26. Nxg5 Qh6 27. Kb1 Re5 28. Nf3 Rh5 29. Qc1 Qxc1+ 30. Kxc1 Re8 31. Re1 a6 32. Rg4 Rh3 33. Ng5 Rh2 34. Rf1 Re7 35. Nf3 Rh7 36. Nh4 Bh5 37. Rg3 Kf8 38. Rfg1 Re5 39. Kd2 b5 40. cxb5 axb5 41. Kd3 b4 42. Nb5 Be2+ 43. Kxe2 Rxe4+ 44. Kd3 Rexh4 45. Nxc7 Nh5 46. Rg4 Nf6 47. Rc4 Rh2 48. Rf4 R7h3+ 49. Kd4 Rd2+ 50. Kc4 Rc2+ 51. Kb5 Nxd5 52. Nxd5 Rc5+ 53. Kxb4 Rxd5 54. Rgf1 Rd2 55. Rxf7+ Ke8 56. R7f2 Rd4+ 57. Kb5 Kd7 58. Rf7+ Ke6 59. R1f6+ Ke5 60. Rf5+ Ke6 61. R7f6+ Kd7 62. Rf4 Rd2 63. Rf7+ Ke6 64. R4f6+ Ke5 65. Rf2 Rh2 66. Re7+ Kd4 67. Rf4+ Kd3 68. Rf3+ Kd4 69. b4 Rxa2 70. Rf4+ Kd5 71. Rf1 Kd4 72. Kb6 Rab2 73. Rf4+ Kd5 74. b5 Rh3 75. Rf5+ Kd4 76. Rf6 d5 77. Rc7 Rhb3 78. Rc5 Ke5 79. Rh6 Rd2 80. Rh5+ Ke4 81. Kc6 Rbd3 82. b6 d4 83. b7 Rb2 84. Rhe5+ Kf4 85. Rf5+ Ke3 86. Rce5+ Kd2 87. Rf2+ 1-0

[Event "45th Olympiad 2024"]
[Site "Budapest HUN"]
[Date "2024.09.22"]
[Round "11.73"]
[Board "3"]
[White "Belzo, Krzysztof"]
[Black "Whyms, Chapell"]
[Result "1-0"]
[WhiteElo "2076"]
[BlackElo "1701"]
[PlyCount "89"]
[EventDate "2024.09.11"]
[WhiteTeam "Jersey"]
[BlackTeam "Bahamas"]
[BlackTeamCountry "BAH"]

1. d4 Nf6 2. c4 g6 3. g3 Bg7 4. Bg2 O-O 5. Nf3 d6 6. O-O Nbd7 7. Qc2 e5 8. Rd1 Qe7 9. Nc3 c6 10. b3 a5 ({RR} 10... Ng4 11. h3 Nh6 12. Ba3 exd4 13. Nxd4 Nc5 14. b4 Ne6 15. Nf3 f5 16. e3 g5 17. b5 Nf7 18. bxc6 bxc6 19. Rac1 Bd7 20. h4 f4 21. exf4 gxf4 22. Ne4 c5 23. Bb2 Ba4 24. Qxa4 Bxb2 25. Rb1 {1-0 Barbero,G (2505)-Akesson,R (2430) Naestved op 1988 (3)}) 11. Ba3 exd4 12. Nxd4 Nc5 13. Rd2 $146 ({RR} 13. Bb2 Re8 14. Rf1 Nfe4 15. Nxe4 Nxe4 16. Rad1 Bd7 17. f3 Nc5 18. e4 Na6 19. Qd2 Nc5 20. Bc3 b6 21. Ne2 Bxc3 22. Nxc3 Qe5 23. Ne2 Nb7 24. Kh1 f6 25. Nc3 Red8 26. Na4 Ra6 27. f4 Qe7 {1-0 Foguelman,A-Gaete,R ARG Team-ch Rio Hondo 1969}) ({RR} 13. e4 h5 14. h4 Ng4 15. Bb2 Ne6 16. Nce2 Be5 17. Nxe6 fxe6 18. Bxe5 dxe5 19. Rf1 Qc5 20. Nc3 Qa7 21. Rad1 Qc5 22. Qe2 Qb4 23. Na4 b5 24. Nb6 Rb8 25. Nxc8 Rbxc8 26. cxb5 cxb5 27. Rd7 Rf6 {0-1 Mizzi,J (2051)-Gubajdullin,A (2229) Titled Tue 16th Apr Late 2024 (5)}) ({RR} 13. Bb2 Re8 14. f3 Qe3+ 15. Kh1 Nh5 16. Qd2 Qf2 17. e4 Bxd4 18. Ne2 Bxb2 19. Rf1 Bc3 20. Qxc3 Qxe2 21. Rfd1 Qf2 {0-1 Mueller,C (1863)-Walter,F (2095) Forchheim op 10th 2011 (2)}) ({RR} 13. h3 Re8 14. e3 h5 15. Rac1 h4 16. g4 Bd7 17. Bxc5 dxc5 18. Nde2 Rab8 19. a4 Rbd8 20. Rd2 Bh6 21. Rd3 Bxg4 22. hxg4 Nxg4 23. Rxd8 Rxd8 24. Rd1 Rxd1+ 25. Nxd1 Qd6 26. Kf1 Qh2 27. Ng1 Qd6 {½-½ Rossi,G (1902)-Cani,G (2140) Milan Molinari Memorial 5th 2011 (6)}) 13... Re8 14. Rad1 Bh6 15. e3 Bg4 16. Re1 Rad8 17. h3 Bc8 18. Kh2 Bf8 19. Red1 Rd7 20. Bb2 h5 21. h4 Rdd8 22. Re1 Ng4+ 23. Kg1 Ne5 24. Nf3 Bf5 25. e4 Nxf3+ 26. Bxf3 Bh3 27. Kh2 Be6 28. Nd5 cxd5 29. exd5 Bg7 30. dxe6 Nxe6 31. Bxg7 Kxg7 32. Bd5 Qd7 33. Qc3+ Kh7 34. Bxe6 fxe6 35. Qxa5 Rf8 36. Qb6 Rf6 37. Qd4 Qf7 38. Ree2 Qe7 39. Kg2 Rf5 40. Qe4 Qf7 41. Kg1 Re5 42. Qxe5 dxe5 43. Rxd8 Qf5 44. Red2 Qb1+ 45. Rd1 1-0

[Event "45th Olympiad 2024"]
[Site "Budapest HUN"]
[Date "2024.09.22"]
[Round "11.73"]
[Board "4"]
[White "Skinner, Francis"]
[Black "Forbes, Garry"]
[Result "0-1"]
[WhiteElo "1628"]
[BlackElo "1858"]
[PlyCount "96"]
[EventDate "2024.09.11"]
[WhiteTeam "Bahamas"]
[BlackTeam "Jersey"]
[WhiteTeamCountry "BAH"]

1. e4 d5 2. exd5 Nf6 3. d4 Bg4 4. Nf3 Qxd5 5. Be2 Nc6 6. h3 Bxf3 7. Bxf3 Qd7 8. Be3 ({RR} 8. c3 e5 9. Qb3 Na5 10. Qc2 exd4 11. cxd4 Bb4+ 12. Nc3 O-O 13. O-O Qxd4 14. Ne2 Qc5 15. Qxc5 Bxc5 16. Bg5 Rfe8 17. Bxf6 gxf6 18. Rac1 Bd6 19. Ng3 Rad8 20. Rc2 Re6 21. Nf5 Bf4 22. g3 Be5 {½-½ Zhou,J (2616)-Zeng,C (2542) CHN-ch Xinghua 2018 (10)}) ({RR} 8. d5 Ne5 9. O-O Nxf3+ 10. Qxf3 Qxd5 11. Qe3 e6 12. Nc3 Qc6 13. a4 Bc5 14. Qg3 Bd6 15. Qh4 O-O 16. Nb5 Qxc2 17. Bg5 Qg6 18. Rad1 a6 19. Nxd6 cxd6 20. Rxd6 Ne4 21. Bf4 Nxd6 22. Bxd6 Rfd8 {0-1 Krzywda,A (2210)-Jaskolka,T (2228) Titled Tue 26th Sep Early 2023 (11)}) 8... e6 $146 ({RR} 8... O-O-O 9. c3 e5 10. Qa4 exd4 11. Bxc6 Qxc6 12. Qxc6 bxc6 13. cxd4 Nd5 14. Nd2 Bb4 15. O-O-O Bxd2+ 16. Bxd2 h5 17. h4 Rd6 18. Rhe1 Kd7 19. Kc2 Rg6 20. g3 Rf6 21. Re2 Re8 22. Rxe8 Kxe8 23. Be1 {½-½ Abhishek,K (2120)-West,G (2342) Commonwealth-ch 2008 (3)}) ({RR} 8... O-O-O 9. c3 e5 10. O-O exd4 11. cxd4 Nxd4 12. Nc3 Nxf3+ 13. Qxf3 Kb8 14. Rad1 Bd6 15. Bd4 Ne8 16. Ne4 f5 17. Nc5 Bxc5 18. Bxc5 Nd6 19. Qa3 a6 20. Rd3 Qc6 21. Be3 Nc4 22. Rfd1 Rxd3 23. Qxd3 {0-1 Schoembs,O (1874)-Schaffert,W (2069) Wuerttemberg-ch KT 2016 (4)}) ({RR} 8... O-O-O 9. c3 e5 10. Bxc6 Qxc6 11. Qf3 Qxf3 12. gxf3 exd4 13. Bxd4 Be7 14. O-O c5 15. Be3 Nd5 16. Na3 Rhe8 17. Rfe1 b6 18. Nc4 Bf6 19. Rad1 Kc7 20. a4 Kc6 21. Kg2 g6 22. Bc1 Bg7 23. Bg5 {0-1 Chung,K (2070)-Jacobson,A (2262) Chess.com Bullet op1 blitz 2020 (12)}) 9. O-O Be7 10. Re1 O-O 11. c3 Rfe8 12. Nd2 e5 13. Bxc6 Qxc6 14. dxe5 Nd5 15. Qf3 Rad8 16. Bd4 Qa6 17. Ne4 Qg6 18. b4 Nxb4 19. Nf6+ gxf6 20. exf6 Bf8 21. Rxe8 Rxe8 22. cxb4 Bxb4 23. Qg4 Qxg4 24. hxg4 Re4 25. Bxa7 Rxg4 26. Rb1 b6 27. Bb8 Bd6 28. Re1 h5 29. Re8+ Kh7 30. f3 Rg8 31. Rxg8 Kxg8 32. Kf2 Kf8 33. Ke3 Ke8 34. Ke4 Kd7 35. Kf5 Kc8 36. Bxc7 Kxc7 37. Kg5 Kd7 38. Kxh5 Ke6 39. Kg5 Be5 40. g4 Bxf6+ 41. Kf4 Be5+ 42. Ke4 b5 43. g5 Bg7 44. f4 Kd6 45. f5 Kc5 46. g6 fxg6 47. fxg6 Kc4 48. Ke3 Kb4 0-1

[Event "45th Olympiad 2024"]
[Site "Budapest HUN"]
[Date "2024.09.22"]
[Round "11.74"]
[Board "1"]
[White "Celis, Joel"]
[Black "Gabriel, Davidson"]
[Result "0-1"]
[WhiteElo "1929"]
[BlackElo "2043"]
[PlyCount "70"]
[EventDate "2024.09.11"]
[WhiteTeam "Macau, China"]
[BlackTeam "Haiti"]
[BlackTeamCountry "HAI"]

1. d4 Nf6 2. Bf4 g6 3. Nd2 c5 ({RR} 3... Nh5 4. Bg5 h6 5. Bh4 Bg7 6. e3 c5 7. c3 d6 8. Be2 cxd4 9. cxd4 Nf6 10. Ngf3 O-O 11. h3 g5 12. Bg3 Bf5 13. O-O Nbd7 14. Rc1 a6 15. Re1 Bg6 16. Bf1 b5 17. a4 bxa4 18. Qxa4 {½-½ Grischuk,A (2732)-Firouzja,A (2759) Titled Tue 23rd Jan Late 2024 (11)}) 4. c3 $146 ({RR} 4. Ngf3 cxd4 5. Nxd4 Bg7 6. c3 O-O 7. e4 d5 8. Bd3 dxe4 9. Bxb8 exd3 10. Be5 Nd5 11. Bxg7 Kxg7 12. O-O e5 13. N4b3 Nf4 14. Qf3 Be6 15. Qe3 Qg5 16. g3 Nh3+ 17. Kg2 Bd5+ 18. Nf3 Qf5 {0-1 Diaz Begonte,M-Alonso,S (2429) Malaga op 4th 2001 (1)}) ({RR} 4. dxc5 Na6 5. Nb3 Nxc5 6. c3 Ne6 7. Bg3 Bg7 8. e3 Ne4 9. Qc2 Nxg3 10. hxg3 Qc7 11. Nf3 a6 12. a4 b6 13. Bd3 Bb7 14. Rh4 Bf6 15. Rh6 Ng5 16. Ke2 Qc6 17. Nxg5 Bxg5 18. Rh2 e5 {½-½ Korber,M (1897)-Mueller,M (2034) Ruhrgebiet VL1 0304 2003 (1.8)}) ({RR} 4. e3 Bg7 5. c3 Nc6 6. dxc5 O-O 7. Ngf3 Nd5 8. Bg3 b6 9. Nc4 Nxc3 10. bxc3 Bxc3+ 11. Ncd2 Bxa1 12. Qxa1 bxc5 13. h4 d5 14. h5 Nb4 15. Qc3 Bf5 16. hxg6 Bxg6 17. Ne5 Rc8 18. Nxg6 fxg6 {1-0 Jaunooby,A (2175)-Abbott,M (1926) Torquay op 48th 2014 (3)}) 4... Qb6 5. Nc4 Qc6 6. Rc1 Bg7 7. Nf3 d6 8. g3 O-O 9. Bg2 Qa6 10. Nfd2 cxd4 11. cxd4 Nc6 12. d5 Nb4 13. Ne3 Qxa2 14. Ndc4 Qa6 15. Qb3 Qb5 16. Nxd6 exd6 17. Bxd6 a5 18. Bxf8 Bxf8 19. O-O Qxe2 20. Rfd1 Ne8 21. Nc4 Bf5 22. Bf3 Qe7 23. d6 Qd8 24. d7 Nf6 25. Bxb7 Rb8 26. Ne5 Be6 27. Rc8 Rxc8 28. dxc8=Q Qxc8 29. Bxc8 Bxb3 30. Ra1 a4 31. Kf1 Bc5 32. Bb7 Bd4 33. Nf3 Bxb2 34. Rb1 a3 35. Nd2 Bc2 0-1

[Event "45th Olympiad 2024"]
[Site "Budapest HUN"]
[Date "2024.09.22"]
[Round "11.74"]
[Board "2"]
[White "Etienne, Angelo"]
[Black "Mak, Tong Kuan"]
[Result "1-0"]
[WhiteElo "2122"]
[BlackElo "1902"]
[PlyCount "69"]
[EventDate "2024.09.11"]
[WhiteTeam "Haiti"]
[BlackTeam "Macau, China"]
[WhiteTeamCountry "HAI"]

1. Nf3 d5 2. g3 g6 3. Bg2 Bg7 4. O-O Nf6 5. d4 O-O 6. Nbd2 c6 7. a4 a5 ({RR} 7... Bf5 8. Nh4 Be6 9. c3 Nbd7 10. Re1 c5 11. Ndf3 Ne4 12. Ng5 Nxg5 13. Bxg5 cxd4 14. cxd4 h6 15. Be3 Qb6 16. Qd2 Nf6 17. a5 Qb5 18. Bxh6 Bxh6 19. Qxh6 Qxb2 20. Nf3 Bf5 21. h3 Be4 22. e3 {1-0 Shuvalova,P (2483)-Shogdzhiev,R (2044) Titled Tue 9th Jul Early 2024 (8)}) 8. Re1 ({RR} 8. b3 Na6 9. Ba3 Re8 10. c3 Bf5 11. Re1 Ne4 12. Rc1 Nxd2 13. Qxd2 Be4 14. Bh3 Qb6 15. Qd1 Bxf3 16. exf3 e5 17. dxe5 Rxe5 18. Rxe5 Bxe5 19. Qc2 Bf6 20. Re1 Nc5 21. Rb1 Re8 22. Bf1 Kg7 {1-0 Vachier Lagrave,M (2784)-Nihal,S (2620) Chess.com Speed blitz 2020 (1.26)}) 8... Re8 $146 ({RR} 8... Na6 9. Ne5 Nd7 10. f4 Nxe5 11. fxe5 f6 12. exf6 exf6 13. c4 dxc4 14. Nxc4 Be6 15. b3 f5 16. Bb2 Nb4 17. Qd2 Qc7 18. Rac1 Rfd8 19. Bc3 Qf7 20. Nxa5 Rxa5 21. Bxb4 Rxd4 22. Qc3 Ra8 23. Rb1 {0-1 Schwaninger,W (2080)-Kwatschewsky,L (2230) Vienna Waehring op-A 1998 (7)}) ({RR} 8... Na6 9. c3 c5 10. Nb3 b6 11. Be3 Qc7 12. Bf4 Qd8 13. Qc1 Bb7 14. Bh6 Rc8 15. Bxg7 Kxg7 16. Ne5 Nb8 17. Qe3 Nbd7 18. Red1 e6 19. Nxd7 Nxd7 20. c4 cxd4 21. Qxd4+ e5 22. Qd2 Rxc4 23. Bxd5 {1-0 Piorun,K (2611)-Wojdak,J (2115) European Rapid 2022 (5.42)}) 9. Ra3 Nbd7 10. e4 Nxe4 11. Nxe4 dxe4 12. Rxe4 Nf6 13. Re1 Bg4 14. h3 Bxf3 15. Bxf3 Qd7 16. Rb3 e6 17. c3 Nd5 18. Kg2 Rad8 19. h4 b5 20. axb5 cxb5 21. Qe2 Rb8 22. h5 e5 23. hxg6 hxg6 24. Qe4 exd4 25. Qxd5 Qxd5 26. Rxe8+ Rxe8 27. Bxd5 Re1 28. Bf4 dxc3 29. bxc3 a4 30. Rxb5 Bxc3 31. Rb8+ Kg7 32. Rb7 Re2 33. Rxf7+ Kh8 34. Kf3 Rb2 35. Rb7 1-0

[Event "45th Olympiad 2024"]
[Site "Budapest HUN"]
[Date "2024.09.22"]
[Round "11.74"]
[Board "3"]
[White "Wong, Kai Meng"]
[Black "Volcimus, Ritchy David"]
[Result "1/2-1/2"]
[WhiteElo "1795"]
[BlackElo "1948"]
[PlyCount "75"]
[EventDate "2024.09.11"]
[WhiteTeam "Macau, China"]
[BlackTeam "Haiti"]
[BlackTeamCountry "HAI"]

1. d4 Nf6 2. Nf3 e6 3. c4 d5 4. Nc3 Be7 5. e3 O-O 6. Bd3 a6 7. a4 b6 ({RR} 7... dxc4 8. Bxc4 b6 9. O-O Bb7 10. Qe2 Nbd7 11. e4 c5 12. e5 Nd5 13. Bxd5 exd5 14. e6 cxd4 15. Nxd4 Nc5 16. Rd1 Bf6 17. exf7+ Rxf7 18. Be3 Qe8 19. Rac1 Qe5 20. b4 Ne4 21. Nxe4 dxe4 22. Qg4 {½-½ Joie,S (2390)-Sherman,R (2295) Titled Tue 9th Jan Late 2024 (11)}) 8. cxd5 exd5 9. O-O ({RR} 9. a5 b5 10. h3 Bb7 11. O-O Nbd7 12. Ne5 c5 13. f4 b4 14. Ne2 Ne4 15. Bxe4 dxe4 16. Nxd7 Qxd7 17. dxc5 Qc7 18. Bd2 Bxc5 19. Qe1 Rfd8 20. Kh1 Rd3 21. Nc1 Qd7 22. Nxd3 exd3 23. Qg3 Re8 {0-1 Astaneh Lopez,A (2430)-Esipenko,A (2682) Abu Dhabi Super Blitz op 1st 2020 (1)}) 9... c5 $146 ({RR} 9... Bg4 10. h3 Bh5 11. Be2 Nbd7 12. Nh2 Bxe2 13. Qxe2 c5 14. dxc5 Nxc5 15. Qd1 Bd6 16. Nf3 Re8 17. b3 Rc8 18. Bb2 Bb8 19. b4 Nce4 20. Nxe4 Rxe4 21. Bxf6 Qxf6 22. Qxd5 Rxb4 23. Qb7 Rd8 24. Qxa6 {0-1 Ivanov,P (2002)-Kudriavtsev,Y (1845) Zelenograd-ch 2016 (8)}) 10. Re1 Nc6 11. h3 Bb7 12. Bb1 Re8 13. Ne5 Bd6 14. f4 c4 15. g4 Na5 16. Bc2 Bb4 17. g5 Ne4 18. Bd2 Bxc3 19. Bxc3 Nc6 20. Bxe4 Nxe5 21. Bxh7+ Kxh7 22. dxe5 Bc8 23. Kg2 Bf5 24. Qd4 Qd7 25. e6 fxe6 26. Rad1 Qf7 27. Kg3 Re7 28. Rh1 Qh5 29. Rdf1 Rh8 30. Qxb6 Kg6 31. Qd6 Be4 32. h4 Rhe8 33. Rh2 Bf5 34. Rg1 Be4 35. Rf1 Bd3 36. Re1 Be4 37. Rf1 Bd3 38. Re1 1/2-1/2

[Event "45th Olympiad 2024"]
[Site "Budapest HUN"]
[Date "2024.09.22"]
[Round "11.75"]
[Board "1"]
[White "Wu, Li"]
[Black "Fancy, Stuart"]
[Result "1-0"]
[WhiteElo "2325"]
[BlackElo "1921"]
[PlyCount "45"]
[EventDate "2024.09.11"]
[WhiteTeam "Isle of Man"]
[BlackTeam "Papua New Guinea"]
[WhiteTeamCountry "IOM"]
[BlackTeamCountry "PNG"]

1. d4 d5 2. c4 dxc4 3. Nf3 Nf6 4. e3 b5 5. a4 c6 6. b3 Bg4 ({RR} 6... e6 7. bxc4 bxc4 8. Bxc4 Bb4+ 9. Bd2 c5 10. Bxb4 cxb4 11. a5 O-O 12. O-O Nc6 13. Qa4 Bd7 14. Bb5 Qe8 15. Nbd2 Rb8 16. Rfc1 Nxd4 17. Nxd4 Bxb5 18. Qxb4 e5 19. Nxb5 Rxb5 20. Qc3 Qb8 21. h3 {1-0 Bocharov,D (2517)-Demchenko,A (2655) Titled Tuesday intern op 23rd Nov blitz 2021 (3)}) ({RR} 6... e6 7. bxc4 bxc4 8. Bxc4 Bb4+ 9. Bd2 c5 10. O-O O-O 11. Qe2 Nc6 12. Bb5 Bb7 13. Rc1 Na5 14. dxc5 Bxf3 15. gxf3 Nb3 16. Bxb4 Nxc1 17. Qc2 Nd5 18. Be1 Qg5+ 19. Kf1 Qxe3 20. Ra3 Qh6 21. Bd2 {1-0 Barp,A (2449)-Lucas,A (2341) 40th Cappelle Open 2024 (3.7)}) 7. axb5 cxb5 8. bxc4 e5 $146 ({RR} 8... bxc4 9. Bxc4 g6 10. Bxf7+ Kxf7 11. Ne5+ Ke8 12. Nxg4 Nbd7 13. Nd2 Bg7 14. O-O h5 15. Nxf6+ Nxf6 16. Qc2 Kf7 17. Nf3 Ng4 18. Ng5+ Kf6 19. Ra6+ {1-0 Flear,C (2205)-Barash,D (2355) Le Touquet op 07th 1992}) 9. cxb5 e4 10. h3 Bh5 11. g4 Nxg4 12. hxg4 Bxg4 13. Be2 Bxf3 14. Bxf3 exf3 15. Qxf3 Bb4+ 16. Bd2 Bxd2+ 17. Nxd2 Nd7 18. Qe4+ Kf8 19. Nc4 Rb8 20. Rxa7 Rxb5 21. Qc6 Rb1+ 22. Ke2 Rxh1 23. Rxd7 1-0

[Event "45th Olympiad 2024"]
[Site "Budapest HUN"]
[Date "2024.09.22"]
[Round "11.75"]
[Board "2"]
[White "McCoy, Tom"]
[Black "Ormsby, Alan"]
[Result "0-1"]
[WhiteElo "1883"]
[BlackElo "1914"]
[PlyCount "112"]
[EventDate "2024.09.11"]
[WhiteTeam "Papua New Guinea"]
[BlackTeam "Isle of Man"]
[WhiteTeamCountry "PNG"]
[BlackTeamCountry "IOM"]

1. e4 c6 2. d4 d5 3. e5 Bf5 4. Bd3 Bxd3 5. Qxd3 e6 6. Nf3 Nd7 7. O-O Ne7 8. Re1 ({RR} 8. Bg5 h6 9. Bxe7 Bxe7 10. c4 dxc4 11. Qxc4 Nb6 12. Qe2 O-O 13. Nc3 Nd5 14. Ne4 Qb6 15. Rac1 Rfd8 16. g3 Rd7 17. Nc5 Bxc5 18. dxc5 Qa5 19. a3 Rad8 20. Qc2 Nc7 21. Qc3 Qb5 22. Kg2 Qd3 {0-1 Windt,A (2210)-Berg,K (2420) Wichern op 3rd 1995 (6)}) 8... Qc7 $146 ({RR} 8... Ng6 9. c3 c5 10. Bd2 Be7 11. Qf1 Qb6 12. b3 O-O 13. Kh1 Rac8 14. Be3 cxd4 15. Bxd4 Bc5 16. Nbd2 Ne7 17. Qd3 Ng6 18. g3 Rc6 19. Kg2 Rfc8 20. Qf1 Bxd4 21. cxd4 Qa6 22. Qxa6 Rxa6 23. Red1 {0-1 Scholz,J-Schmid,B BL2 NO 9394 (Women) 1993}) ({RR} 8... h6 9. Bd2 Qc7 10. Bb4 c5 11. dxc5 Nc6 12. Bc3 Bxc5 13. a3 a6 14. b4 Ba7 15. Nbd2 O-O 16. Bb2 Nb6 17. Rac1 Rfd8 18. Qe2 Na4 19. Ba1 b5 20. Nb3 Rac8 21. Qd3 Ne7 22. Bd4 Bxd4 23. Qxd4 {0-1 Morkore,R (1317)-Andreasen,J (1732) FAI-chT3 1718 2017 (2.2)}) ({RR} 8... Ng6 9. g3 c5 10. dxc5 Bxc5 11. Nbd2 O-O 12. h4 h6 13. Nb3 Bb6 14. h5 Ne7 15. Be3 Nf5 16. Bd4 Nxd4 17. Nbxd4 a6 18. b4 Qc7 19. Rab1 Rfc8 20. Rb3 Qc4 21. Qe3 a5 22. bxa5 Rxa5 23. Reb1 {½-½ Oberc,M (2094)-Kodric,V (2035) SLO-chT2 West 2008 (5.1)}) ({RR} 8... Nf5 9. Bf4 c5 10. c3 Qb6 11. Nbd2 Rc8 12. g4 Ne7 13. a4 Ng6 14. Bg3 a5 15. h4 h5 16. g5 Ne7 17. Nf1 g6 18. Ne3 Nc6 19. Nc2 cxd4 20. cxd4 Nb4 21. Nxb4 Bxb4 22. Red1 O-O 23. Bf4 {½-½ Salomon,H (1675)-Walther,H (1570) Wuerttemberg-ch Seniors 13th 2001 (2)}) 9. a4 c5 10. c3 Nc6 11. Na3 a6 12. Be3 c4 13. Qe2 h6 14. Nc2 Na5 15. Nd2 Nb6 16. f4 g6 17. Qf3 Nb3 18. Ra2 Qc6 19. a5 Nc8 20. g4 h5 21. h3 hxg4 22. hxg4 Qb5 23. Na1 Nxd2 24. Bxd2 Na7 25. Rb1 Qc6 26. f5 gxf5 27. gxf5 O-O-O 28. Bg5 Rg8 29. Qh5 exf5 30. Kf2 Rd7 31. Bf6 Qe6 32. Qh7 Rg6 33. Qh8 Qe8 34. b3 Nb5 35. Rc1 Rh6 36. Qg8 Rh2+ 37. Kf3 Rxa2 38. bxc4 dxc4 39. Nc2 Nc7 40. Ne3 Nd5 41. Nxc4 Nxf6 42. Nb6+ Kc7 43. Qg3 Kd8 44. Re1 Rc7 45. c4 Ra3+ 46. Re3 Rxe3+ 47. Kxe3 Bh6+ 48. Kd3 Qf8 49. c5 Qg7 50. Qh2 Ne4 51. Kc4 Qg6 52. e6 Qxe6+ 53. Nd5 Nd6+ 54. Kc3 Qxd5 55. Qxh6 Nb5+ 56. Kb2 Qxd4+ 0-1

[Event "45th Olympiad 2024"]
[Site "Budapest HUN"]
[Date "2024.09.22"]
[Round "11.75"]
[Board "3"]
[White "Gumireddy, Sanjay"]
[Black "Jones, Rupert"]
[Result "1/2-1/2"]
[WhiteElo "1907"]
[BlackElo "1849"]
[PlyCount "67"]
[EventDate "2024.09.11"]
[WhiteTeam "Isle of Man"]
[BlackTeam "Papua New Guinea"]
[WhiteTeamCountry "IOM"]
[BlackTeamCountry "PNG"]

1. e4 {Sethuraman,SP} e5 2. Nf3 Nf6 3. Nxe5 d6 4. Nf3 Nxe4 5. Nc3 Nxc3 6. dxc3 Be7 7. Be3 Nd7 8. Qd2 Nf6 9. Bc4 ({RR} 9. O-O-O O-O 10. Bd3 d5 ({RR} 10... c5) 11. Rhe1 Bg4 12. Qe2 ({RR} 12. Bg5 Ne4 13. Bxe4 dxe4 14. Bxe7 Qxe7 15. Qf4 f5) ({RR} 12. h3 Bxf3 13. gxf3 Re8 14. f4 c5) 12... Re8 ({RR} 12... c6 13. h3 Bh5 14. g4 Bg6 15. Bxg6 hxg6 16. Kb1) 13. h3 Bh5 14. g4 ({RR} 14. c4 Bc5 ({RR} 14... c6 15. cxd5 Qa5 ({RR} 15... Nxd5 16. c4 Nxe3 17. Bxh7+) ({RR} 15... cxd5 16. Bb5 Rf8 17. g4 Bg6 18. Ne5) 16. d6 Bxf3 ({RR} 16... Bxd6 17. g4) 17. Qxf3 Bxd6 18. Kb1) ({RR} 14... Bb4 15. c3 Bc5 16. cxd5 Bxe3+ 17. fxe3) 15. cxd5 Bxe3+ 16. fxe3) 14... Bg6 15. Bxg6 ({RR} 15. c4 Bb4 16. c3 Bc5 17. cxd5 Bxe3+ 18. fxe3) 15... hxg6 16. g5 ({RR} 16. c4) 16... Ne4 17. c4 ({RR} 17. Qb5 c6 18. Qxb7 Qa5) 17... Bb4 ({RR} 17... Qd7 18. Rxd5 Qxh3) 18. Rxd5 Qc8 19. Rh1 c6 20. Rdd1 ({RR} 20. Rd3 Qe6 21. Rb3 a5) 20... Qf5 ({RR} 20... Qe6 21. Nd4) ({RR} 20... Bc5) 21. Nd4 Qe5 ({RR} 21... Qa5 22. Kb1 Rad8 23. Nb3 Qf5 24. Qg4) 22. Qg4 Qc5 23. Nb3 ({RR} 23. a3 Bxa3 24. Nb3 Qe7 25. Rd7 Qf8 26. Rd4 Qe7 27. bxa3 Qxa3+ 28. Kd1 Nc3+ 29. Kd2 Qb4 30. Kd3) 23... Qf5 {1-0 Sethuraman,S (2624)-Shirov,A (2664) FIDE Chess.com Grand Swiss 2019 (10)}) ({RR} 9. h3 O-O 10. Bd3 a6 11. O-O-O c5 12. c4 b5 13. g4 Bb7 14. Qe2 bxc4 15. Bxc4 d5 16. g5 Ne4 17. a3 Re8 18. Rhg1 Qb6 19. Rxd5 Bxd5 20. Bxd5 Rab8 21. c4 Nc3 22. Qc2 Nxd5 23. cxd5 Qb3 {0-1 Garcia,A (2015)-Mongeli,S (1819) Olympiad Women 2024 (5.50)}) 9... O-O 10. O-O-O Bd7 $146 ({RR} 10... c6 11. h3 b5 12. Bd3 Be6 13. Nd4 Bd7 14. Nf5 Bxf5 15. Bxf5 Nd5 16. Kb1 Nxe3 17. Qxe3 d5 18. Qf3 g6 19. Bd3 Bf6 20. h4 h5 21. g4 hxg4 22. Qxg4 Qc8 23. Qf3 Qe6 24. Rdg1 Bg7 25. h5 {1-0 Linke,M (1632)-Gnass,A (1572) Cologne Ford op 2009 (7)}) ({RR} 10... c5 11. Qe2 Qc7 12. Bf4 Nh5 13. Rhe1 Nxf4 14. Qxe7 Qxe7 15. Rxe7 Be6 16. Bxe6 fxe6 17. Rxd6 Rfd8 18. Rxd8+ Rxd8 19. b3 Nxg2 20. Ng5 Nf4 21. Rxb7 a5 22. Ra7 c4 23. Rxa5 cxb3 24. axb3 h6 25. Ne4 {1-0 Peric,B (2107)-Herega,N (1907) Solta Amateur op 2019 (8)}) 11. Nd4 c6 12. f3 d5 13. Bd3 a5 14. g4 b5 15. g5 Nh5 16. f4 b4 17. Be2 bxc3 18. Qxc3 c5 19. Bxh5 cxd4 20. Qxd4 Qc8 21. Bf3 Bf5 22. Rd2 Rd8 23. Be2 Be4 24. Rf1 Qh3 25. Bd3 Rac8 26. Qa7 Bxd3 27. Re1 Bg6 28. Qxe7 Re8 29. Qa3 d4 30. Bf2 Rxe1+ 31. Bxe1 Qf1 32. Qg3 Qc4 33. Qb3 Qf1 34. Qg3 1/2-1/2

[Event "45th Olympiad 2024"]
[Site "Budapest HUN"]
[Date "2024.09.22"]
[Round "11.76"]
[Board "1"]
[White "Aziz, Husain"]
[Black "Pereira, Sergio"]
[Result "1-0"]
[WhiteElo "2340"]
[BlackElo "1988"]
[PlyCount "95"]
[EventDate "2024.09.11"]
[WhiteTeam "Qatar"]
[BlackTeam "Sao Tome and Principe"]
[WhiteTeamCountry "QAT"]
[BlackTeamCountry "SAO"]

1. d4 Nf6 2. Nf3 d5 3. c4 e6 4. Nc3 Be7 5. Bf4 O-O 6. e3 b6 7. Bd3 dxc4 8. Bxc4 Bb7 9. O-O c5 10. Qe2 Nbd7 11. Rfd1 cxd4 12. Rxd4 Bc5 13. Rdd1 Qe7 14. a3 Rfc8 $146 ({RR} 14... e5 15. Bg5 h6 16. Rxd7 Qxd7 17. Bxf6 gxf6 18. Nh4 Rfd8 19. Qh5 Bf8 20. Qg6+ Kh8 21. Bxf7 Bg7 22. Nf5 Rg8 23. Nxh6 Rgf8 24. Qh5 Rxf7 25. Nxf7+ Kg8 26. Nh6+ Bxh6 27. Qxh6 Qg4 28. e4 Bxe4 29. Nxe4 {1-0 Kleibel,U (2149)-Klundt,K (2307) Heusenstamm Sparkassen op-A 7th 2021 (6.13)}) ({RR} 14... a5 15. Nb5 Ne4 16. h3 Ndf6 17. Ne5 Rfd8 18. Nd3 Nd5 19. Bh2 Nxf2 20. Nxf2 Nxe3 21. Rxd8+ Rxd8 22. b4 Qg5 23. g3 Nxc4 24. bxc5 Qxc5 25. Nc3 Rd2 26. Qe1 Ne5 27. Kf1 Nf3 28. Qxd2 Nxd2+ 29. Ke2 {0-1 Cuenca Jimenez,J (2499)-Khamdamova,A (2327) Titled Tue 13th Feb Early 2024 (5)}) ({RR} 14... a5 15. h3 h6 16. Rac1 Rfd8 17. Bc7 Rdc8 18. Bg3 Rd8 19. Bc7 Rdc8 20. Bg3 Rd8 21. Bc7 {½-½ Petschar,K (2304)-Kuba,G (2380) AUT-chT2M 1415 2014 (8.5)}) 15. Rac1 Nh5 16. Ng5 Nxf4 17. exf4 Nf8 18. Bd3 Rd8 19. g3 a6 20. Be4 b5 21. Bxb7 Qxb7 22. Nce4 Be7 23. h4 Rac8 24. Qf3 Qb6 25. Rxc8 Rxc8 26. f5 Bxg5 27. Nxg5 e5 28. Qd5 Qc7 29. b4 h6 30. Ne4 Nh7 31. Nc5 Nf6 32. Qd6 Qxd6 33. Rxd6 a5 34. g4 axb4 35. axb4 Rb8 36. g5 hxg5 37. hxg5 Nh5 38. Kg2 f6 39. g6 Nf4+ 40. Kf3 Ra8 41. Rd7 Kf8 42. Rf7+ Ke8 43. Rxg7 Ra3+ 44. Ke4 Ra2 45. Nd7 Nh5 46. Rf7 Rxf2 47. Nxf6+ Nxf6+ 48. Rxf6 1-0